000 00858nam a2200229Ia 4500
003 OSt
005 20220923212722.0
006 a|||||r|||| 00| 0
007 ta
008 220922b |||||||| |||| 00| 0 hin d
024 _a155,582
037 _cTextual
040 _aARTS
_cARTS
_bhin
041 _2hin
_ahin
082 _aO15,2D40,1:g, 152L4
100 _aशर्मा, राजेन्द्र
245 0 _aकवि नेवाज कृत ब्रजभाषा पद्मानुबद्ध सकुन्तला नाटक
246 _aKavi nevāj kṛut brajabhāṣhā padmānubaddha sakuntalā nāṭaka
260 _aजयपुर
_b मंगल प्रकाशन
_c1974
942 _hO15,2D40,1:g, 152L4
_cTEXL
_2CC
999 _c311076
_d311076